000
00325nam a2200133Ia 4500
008
150201s2005 xx 000 0 und d
082
_a
618.92
_b
P05G
100
_a
GERA,TARUN
245
_a
PRINCIPLES AND PRACTICES OF IMMUNIZATION
250
_a
1ST
260
_b
PEEPEE
_a
DELHI
_c
2005
650
_a
PAEDIATRICS
942
_2
ddc
_c
BK
999
_c
650
_d
650